| 000 | 00602nam a2200157Ia 4500 | ||
|---|---|---|---|
| 008 | 151213s9999 xx 000 0 und d | ||
| 100 | _aছিদ্দিকুর রহমান মিয়া। | ||
| 245 |
_aসুনির্দিষ্ট প্র্রতিকার আইন। _cছিদ্দিকুর রহমান মিয়া। |
||
| 250 | _a১ম সং | ||
| 260 |
_aঢাকা _bকিতাব মহল। _c2005 |
||
| 300 | _a6859 p. | ||
| 650 | _aLaw | ||
| 650 | _aLaw | ||
| 700 | _aছিদ্দিকুর রহমান মিয়া। | ||
| 999 |
_c3692 _d3692 |
||